000
00208 a2200097 4500
001
1186
100
_a
Aspinall
245
_a
Worked examples in electrotechnics
260
_a
_b
Spon ltd
_c
090
_c
748
_d
748
942
_a
NUST-CAE
_c
M
_c
34133
999
_c
236259
_d
236259